Historia de la literatura francesa contemporánea (1900-1950) (Record no. 1380)

000 -CABECERA
fixed length control field 01235nam a22002417a 4500
003 - IDENTIFICADOR DEL NÚMERO DE CONTROL
control field AR-CdUCM
008 - DATOS DE LONGITUD FIJA--INFORMACIÓN GENERAL
fixed length control field 190226b ||||| |||| 00| 0 spa d
040 ## - FUENTE DE LA CATALOGACIÓN
Agencia/entidad que catalogó originalmente la obra MUNICIPALIDAD PROVINCIAL DEL CUSCO
Entidad que transcribió la catalogación BIBLIOTECA MUNICIPAL DEL CUSCO
082 ## - NÚMERO DE LA CLASIFICACIÓN DECIMAL DEWEY
No. de Clasificación 838.909 /
Notacion interna S56
100 ## - ENTRADA PRINCIPAL--NOMBRE DE PERSONA
Nombre Personal Simon, Pierre Henri
245 ## - MENCIÓN DE TÍTULO
Título Historia de la literatura francesa contemporánea (1900-1950)
Mención de responsabilidad Pierre Henri Simon
260 ## - PUBLICACIÓN, DISTRIBUCIÓN, ETC.
Lugar de publicación, distribución, etc. Barcelona :
Nombre de la editorial, distribuidor, etc. Vergara,
Fecha de publicación, distribución, etc. 1958.
300 ## - DESCRIPCIÓN FÍSICA
Nº de Páginas Extensión 246 paginas ;
Dimensiones 18 cm.
505 ## - NOTA DE CONTENIDO CON FORMATO
Nota de contenido formateada contiene: t.1 -- La continuación del siglo XIX: los maestro --La continuación del siglo XIX: poetas novelistas y dramaturgos -- La literatura de invención los políticos ... t.2 -- Las obras en curso: la generación de 1870 -- la generación de 1885 los grandes frescos de historia social -- la generación de 1885 moralistas agnósticos y cristianos -- Las nuevas tendencias criticas y negativas ante la civilización burguesa -- las nuevas tendencias: itinerarios hacia lo abstracto ...
650 ## - PUNTO DE ACCESO ADICIONAL DE MATERIA--TÉRMINO DE MATERIA
Descriptor Historia
9 (RLIN) 136
650 ## - PUNTO DE ACCESO ADICIONAL DE MATERIA--TÉRMINO DE MATERIA
Descriptor Literatura Francesa
9 (RLIN) 614
650 ## - PUNTO DE ACCESO ADICIONAL DE MATERIA--TÉRMINO DE MATERIA
Descriptor Contemporáneo
9 (RLIN) 512
650 ## - PUNTO DE ACCESO ADICIONAL DE MATERIA--TÉRMINO DE MATERIA
Descriptor Democracia Burguesa
9 (RLIN) 5262
700 ## - PUNTO DE ACCESO ADICIONAL--NOMBRE DE PERSONA
Nombre Personal Petit, Juan
9 (RLIN) 5263
942 ## - ELEMENTOS DE PUNTO DE ACCESO ADICIONAL (KOHA)
Fuente de clasificación
Tipo de item Libros-BMC
945 ## - PROCESAMIENTO DE INFORMACIÓN LOCAL (OCLC)
Catalogador acv
AAAA-MM-DD - Fecha de ingreso o modificacion 2019-02-26
Holdings
Estado de retiro (separado) Fuente de clasificación o esquema de estanterías Estado dañado Ubicación Sala donde se ubica Nombre de la colección Fecha de adquisición o compra Costo, precio normal en soles Signatura topográfica Código de Barras Última vez visto (Koha) Tipo de ítem (Koha)
No     Sala Humanidades Sala Humanidades Book Cart 2019-02-26 25.00 838.909 / S56 / t.2 SH0000001615 2019-02-26 Libros-BMC
No     Sala Humanidades Sala Humanidades Book Cart 2019-02-26 25.00 838.909 / S56 / t.1 SH0000001616 2019-02-26 Libros-BMC

Powered by Koha